Southville International School and Colleges
Your cart is empty.
  • Cart
  • Lists
    Public lists Eva Luna New books Lux_list list_1
    Your lists Log in to create your own lists
  • Log in to your account
  • Your cookies
  • Search history
Southville International School and Colleges
  • Advanced search
  • Recent comments
  • Most popular
  • Libraries

Log in to your account

Log in with GOOGLE


If you do not have an external account, but do have a local account, you can still log in:

  1. Home
  2. MARC view: War correspondents :
Normal view MARC view ISBD view

War correspondents : (Record no. 8505)

[ view plain ]
MARC details
000 -LEADER
fixed length control field 01137cam a2200325 a 4500
001 - CONTROL NUMBER
control field 12774714
003 - CONTROL NUMBER IDENTIFIER
control field SISC
005 - DATE AND TIME OF LATEST TRANSACTION
control field 20160309083209.0
008 - FIXED-LENGTH DATA ELEMENTS--GENERAL INFORMATION
fixed length control field 020514s2003 nyua b 001 0 eng
010 ## - LIBRARY OF CONGRESS CONTROL NUMBER
LC control number 2002007467
020 ## - INTERNATIONAL STANDARD BOOK NUMBER
International Standard Book Number 0823937984
040 ## - CATALOGING SOURCE
Original cataloging agency DLC
Transcribing agency DLC
Modifying agency DLC
042 ## - AUTHENTICATION CODE
Authentication code lcac
050 00 - LIBRARY OF CONGRESS CALL NUMBER
Classification number PN 4797
Item number .Al42 2003
082 00 - DEWEY DECIMAL CLASSIFICATION NUMBER
Classification number HS 070.4
Item number Al1 2003
100 1# - MAIN ENTRY--PERSONAL NAME
Personal name Alagna, Magdalena.
9 (RLIN) 9975
245 10 - TITLE STATEMENT
Title War correspondents :
Remainder of title life under fire /
Statement of responsibility, etc Magdalena Alagna.
250 ## - EDITION STATEMENT
Edition statement 1st ed.
260 ## - PUBLICATION, DISTRIBUTION, ETC. (IMPRINT)
Place of publication, distribution, etc New York :
Name of publisher, distributor, etc Rosen Central,
Date of publication, distribution, etc 2003.
300 ## - PHYSICAL DESCRIPTION
Extent 64 p. ;
Other physical details col. ill. ;
Dimensions 23 cm.
440 #0 - SERIES STATEMENT/ADDED ENTRY--TITLE
Title Extreme careers
9 (RLIN) 9976
504 ## - BIBLIOGRAPHY, ETC. NOTE
Bibliography, etc Includes bibliographical references (p. 61) and index.
505 0# - FORMATTED CONTENTS NOTE
Formatted contents note Risky business -- Getting started in the business -- War correspondents past and present -- The future of war correspondence -- Glossary.
650 #0 - SUBJECT ADDED ENTRY--TOPICAL TERM
Topical term or geographic name as entry element Journalism
General subdivision Vocational guidance.
9 (RLIN) 9977
650 #0 - SUBJECT ADDED ENTRY--TOPICAL TERM
Topical term or geographic name as entry element War correspondents.
9 (RLIN) 9978
906 ## - LOCAL DATA ELEMENT F, LDF (RLIN)
a 7
b cbc
c orignew
d 1
e ecip
f 20
g y-gencatlg
942 ## - ADDED ENTRY ELEMENTS (KOHA)
Source of classification or shelving scheme Library of Congress Classification
Koha item type Books
Holdings
Withdrawn status Lost status Source of classification or shelving scheme Damaged status Home library Current library Shelving location Date acquired Source of acquisition Total Checkouts Total Renewals Full call number Barcode Date last seen Date checked out Copy number Price effective from Koha item type
    Library of Congress Classification   Luxembourg Library Luxembourg Library High School Section 08/14/2013 Donation 1 1 PN 4888.P6 .H157 1979 17313 09/02/2016 08/24/2016 1 08/14/2013 Books

War correspondents :

APA

Alagna M., . (2003). War correspondents. New York: Rosen Central.

Chicago

Alagna Magdalena, . 2003. War correspondents. New York: Rosen Central.

Harvard

Alagna M., . (2003). War correspondents. New York: Rosen Central.

MLA

Alagna Magdalena, . War correspondents. New York: Rosen Central. 2003.

  • Place hold
  • Print
  • Cite
  • Add to your cart (remove)
  • Save record
    BIBTEX Dublin Core MARCXML MARC (non-Unicode/MARC-8) MARC (Unicode/UTF-8) MARC (Unicode/UTF-8, Standard) MODS (XML) RIS
  • More searches
    Search for this title in:
    Other Libraries (WorldCat) Other Databases (Google Scholar) Online Stores (Bookfinder.com) Open Library (openlibrary.org)

Exporting to Dublin Core...

SOUTHVILLE LIBRARY

Southville International School and Colleges Library

1281 Tropical Ave. Cor. Luxembourg St., BF Homes International, Las Pinas City

Tel. No. 8256374 / 252358 Loc. 117/146

Powered by Koha